000 00385nam a22001571a 4500
020 _a9788185226576
082 _aM3
_bMUT/T
100 _aVarkey Muttathu
245 _aTyagabhoomi/
_cby Varkey Muttathu
260 _aKottayam:
_bKairali Mudralayam,
_c2000.
300 _a110p.
650 _aNovel Malayalam
650 _aLiterature Malayalam
650 _aLiterature
942 _cBK
999 _c47845
_d47845